[Event "Titled Tuesday intern op 12th Dec Early"]
[Site "Chess.com INT"]
[Date "2023.12.12"]
[Round "6"]
[White "Kovalev, Denis"]
[Black "Riehle, Marco"]
[Result "1/2-1/2"]
[WhiteElo "2487"]
[BlackElo "2368"]
[PlyCount "137"]
[EventDate "2023.12.12"]
[EventType "swiss (blitz)"]
[EventRounds "11"]
[EventCountry "USA"]
[SourceTitle "CB51_2023"]
[SourceDate "2023.12.20"]
[SourceVersion "1"]
[SourceVersionDate "2023.12.20"]
[SourceQuality "1"]

1. Nf3 c5 2. c4 Nf6 3. Nc3 d5 4. d4 cxd4 5. Nxd5 Nxd5 6. cxd5 Qxd5 7. Qxd4 Qxd4 8. Nxd4 a6 9. e4 e5 10. Nb3 Bb4+ 11. Bd2 Bxd2+ 12. Kxd2 Nc6 13. Bc4 Ke7 14. Ke3 Bd7 15. Nc5 Bc8 16. Rac1 Rd8 17. a3 Nd4 18. Rhd1 b6 19. Nb3 Nxb3 20. Bxb3 Rxd1 21. Bxd1 Be6 22. Rc6 Rb8 23. Be2 Kd7 24. Rc1 b5 25. b4 Rb6 26. g3 f6 27. f4 h6 28. fxe5 fxe5 29. Rc5 Kd6 30. h4 Rb8 31. Rc1 Rf8 32. Rd1+ Kc7 33. Rc1+ Kd6 34. Rd1+ Ke7 35. Rc1 g5 36. Rc7+ Kd6 37. Ra7 Bc8 38. hxg5 hxg5 39. Rg7 Rf6 40. Rxg5 Rh6 41. Bg4 Bxg4 42. Rxg4 Kc6 43. Rg5 Rh1 44. Rxe5 Ra1 45. Re6+ Kb7 46. g4 Rxa3+ 47. Kf4 Rb3 48. g5 Rxb4 49. g6 Rb1 50. Re5 Rf1+ 51. Kg5 Rg1+ 52. Kf6 b4 53. g7 b3 54. Rg5 Rxg5 55. Kxg5 b2 56. g8Q b1Q 57. Qd5+ Ka7 58. e5 Qg1+ 59. Kf6 Qf2+ 60. Ke7 Qh4+ 61. Kd7 Qh7+ 62. Kd6 Qh2 63. Qc5+ Kb7 64. Qc7+ Ka8 65. Kd7 Qh7+ 66. Kc6 Qe4+ 67. Kb6 Qb4+ 68. Kxa6 Qb5+ 69. Kxb5 1/2-1/2

[Event "Titled Tuesday intern op 12th Dec Early"]
[Site "Chess.com INT"]
[Date "2023.12.12"]
[Round "1"]
[White "Novak, Ratko"]
[Black "Kovalev, Denis"]
[Result "0-1"]
[WhiteElo "2037"]
[BlackElo "2487"]
[PlyCount "28"]
[EventDate "2023.12.12"]
[EventType "swiss (blitz)"]
[EventRounds "11"]
[EventCountry "USA"]
[SourceTitle "CB51_2023"]
[SourceDate "2023.12.20"]
[SourceVersion "1"]
[SourceVersionDate "2023.12.20"]
[SourceQuality "1"]

1. d4 d5 2. c4 c6 3. c5 e5 4. dxe5 Bxc5 5. Nf3 Bg4 6. Nc3 Nd7 7. e3 Nxe5 8. Be2 Bxf3 9. Bxf3 Nf6 10. 0-0 0-0 11. a3 Re8 12. b4 Bb6 13. Bb2 Nc4 14. Nxd5 Nxb2 0-1

[Event "Titled Tuesday intern op 12th Dec Early"]
[Site "Chess.com INT"]
[Date "2023.12.12"]
[Round "4"]
[White "Zakhartsov, Vladimir"]
[Black "Kovalev, Denis"]
[Result "1-0"]
[WhiteElo "2509"]
[BlackElo "2487"]
[PlyCount "131"]
[EventDate "2023.12.12"]
[EventType "swiss (blitz)"]
[EventRounds "11"]
[EventCountry "USA"]
[SourceTitle "CB51_2023"]
[SourceDate "2023.12.20"]
[SourceVersion "1"]
[SourceVersionDate "2023.12.20"]
[SourceQuality "1"]

1. d4 d5 2. c4 c6 3. cxd5 cxd5 4. Bf4 Nf6 5. e3 Nc6 6. Bb5 Bd7 7. Nf3 e6 8. Nc3 Be7 9. h3 0-0 10. Bd3 Qb6 11. Qe2 Rfc8 12. 0-0 Nb4 13. Bb1 Rxc3 14. bxc3 Bb5 15. Qb2 Bxf1 16. Kxf1 Nc6 17. Qxb6 axb6 18. Nd2 Ba3 19. Bd3 Bb2 20. Rb1 Bxc3 21. Nf3 Nb4 22. Be2 Rxa2 23. Bc7 Ne4 24. Bxb6 f6 25. Rc1 Kf7 26. g4 g5 27. h4 h6 28. hxg5 hxg5 29. Ng1 Ra1 30. Rxa1 Bxa1 31. Nf3 Bc3 32. Bb5 Nc6 33. Ke2 Ba5 34. Bxc6 Bxb6 35. Bxb7 Nc3+ 36. Kf1 Ne4 37. Ba6 Ba5 38. Ke2 Nc3+ 39. Kf1 Ne4 40. Kg2 Nd2 41. Ng1 Ne4 42. Bd3 f5 43. Nf3 Kf6 44. gxf5 exf5 45. Ne5 Bc7 46. Nc6 g4 47. Bc2 f4 48. Nb4 Ke6 49. Bb3 f3+ 50. Kg1 Nc3 51. e4 Ne2+ 52. Kf1 Nxd4 53. Bxd5+ Kf6 54. Nd3 Be5 55. Nc5 Kg5 56. Nd3 Kf6 57. Nc5 Kg5 58. Bc4 Nc2 59. Bd3 Nd4 60. Nd7 Kf4 61. Nf8 Kg5 62. Nd7 Kf4 63. Nc5 g3 64. fxg3+ Kxg3 65. Bb1 Nb3 66. Nxb3 1-0

[Event "Titled Tuesday intern op 14th Nov Early"]
[Site "Chess.com INT"]
[Date "2023.11.14"]
[Round "5"]
[White "Kovalev, Denis"]
[Black "Beerdsen, Thomas"]
[Result "0-1"]
[WhiteElo "2487"]
[BlackElo "2504"]
[PlyCount "66"]
[EventDate "2023.11.14"]
[EventType "swiss (blitz)"]
[EventRounds "11"]
[EventCountry "USA"]
[SourceTitle "CB47_2023"]
[SourceDate "2023.11.22"]
[SourceVersion "1"]
[SourceVersionDate "2023.11.22"]
[SourceQuality "1"]

1. Nf3 Nf6 2. c4 g6 3. Nc3 Bg7 4. g3 0-0 5. Bg2 c6 6. d4 d5 7. cxd5 cxd5 8. Ne5 Nc6 9. 0-0 Bf5 10. Nxc6 bxc6 11. Na4 Be4 12. Bh3 Rb8 13. Bf4 Rb5 14. Rc1 Nh5 15. Be3 e5 16. b3 exd4 17. Bxd4 Qg5 18. Bxg7 Kxg7 19. Qd4+ Kg8 20. e3 Ng7 21. Rxc6 Qh5 22. Bg2 Ne6 23. Qf6 Bxg2 24. Kxg2 d4 25. Qf3 Qh6 26. h4 Rf5 27. Qe4 dxe3 28. Qxe3 g5 29. hxg5 Rxg5 30. Nc5 Nf4+ 31. Qxf4 Qxc6+ 32. Ne4 Rg6 33. Re1 f5 0-1

[Event "Titled Tuesday intern op 14th Nov Early"]
[Site "Chess.com INT"]
[Date "2023.11.14"]
[Round "3"]
[White "Kovalev, Denis"]
[Black "Krishnan, Ritvik"]
[Result "1-0"]
[WhiteElo "2487"]
[BlackElo "2328"]
[PlyCount "97"]
[EventDate "2023.11.14"]
[EventType "swiss (blitz)"]
[EventRounds "11"]
[EventCountry "USA"]
[SourceTitle "CB47_2023"]
[SourceDate "2023.11.22"]
[SourceVersion "1"]
[SourceVersionDate "2023.11.22"]
[SourceQuality "1"]

1. Nf3 d5 2. c4 d4 3. g3 c5 4. Bg2 Nc6 5. 0-0 e5 6. e3 Nf6 7. exd4 exd4 8. Re1+ Be7 9. d3 0-0 10. Ne5 Nxe5 11. Rxe5 Bd6 12. Re1 h6 13. Nd2 Qc7 14. Ne4 Nxe4 15. Bxe4 Bd7 16. Qh5 Rae8 17. Bd2 Re5 18. Qf3 b6 19. Bf4 Re7 20. Bh7+ Kxh7 21. Rxe7 Bxf4 22. Qxf4 Qxf4 23. gxf4 Bf5 24. Rd1 Kg6 25. Rxa7 Re8 26. Rb7 Re6 27. Kg2 Bg4 28. Rd2 h5 29. a3 h4 30. b4 Kf5 31. Rxf7+ Kg6 32. Rc7 Kf5 33. Rxg7 Kxf4 34. Rf7+ Kg5 35. h3 Bh5 36. Rc7 Kf4 37. bxc5 bxc5 38. Rxc5 Bf3+ 39. Kf1 Rb6 40. Rb5 Ra6 41. Ra2 Rg6 42. Rd5 Rb6 43. Rxd4+ Ke5 44. Re4+ Bxe4 45. dxe4 Kxe4 46. a4 Kd4 47. a5 Ra6 48. Ke2 Kxc4 49. Kf3 1-0

[Event "Titled Tuesday intern op 13th Jun Early"]
[Site "Chess.com INT"]
[Date "2023.06.13"]
[Round "7"]
[White "Kovalev, Denis"]
[Black "Aloma Vidal, Roberto"]
[Result "0-1"]
[WhiteElo "2487"]
[BlackElo "2437"]
[PlyCount "82"]
[EventDate "2023.06.13"]
[EventType "swiss (blitz)"]
[EventRounds "11"]
[EventCountry "USA"]
[SourceTitle "EXT 2024"]
[Source "ChessBase"]
[SourceDate "2023.10.10"]
[SourceVersion "1"]
[SourceVersionDate "2023.10.10"]
[SourceQuality "1"]

1. Nf3 d5 2. c4 c6 3. cxd5 cxd5 4. d4 Nc6 5. Nc3 e6 6. Bf4 Bd6 7. Bg3 Nge7 8. e3 0-0 9. Bd3 f6 10. 0-0 Bxg3 11. hxg3 e5 12. dxe5 fxe5 13. Bb5 Bg4 14. Qa4 Bxf3 15. gxf3 Rxf3 16. Rad1 d4 17. Ne2 Qb6 18. exd4 exd4 19. Bxc6 Nxc6 20. Nxd4 Rf6 21. Nxc6 bxc6 22. Rd2 Kh8 23. Qd4 h6 24. Rc1 Raf8 25. Rcc2 Qa5 26. b4 Qh5 27. Rc3 a6 28. Kg2 Rf5 29. Qe4 Rd5 30. Rxd5 cxd5 31. Qd4 Qf5 32. a4 Rf6 33. b5 axb5 34. axb5 Qe6 35. Re3 Qd7 36. b6 Qb7 37. Re8+ Kh7 38. Qd3+ g6 39. Qd4 Kg7 40. Rd8 Kf7 41. Rxd5 Rxb6 0-1

[Event "Titled Tuesday intern op 11th Apr Early"]
[Site "Chess.com INT"]
[Date "2023.04.11"]
[Round "4"]
[White "Trifan, Andrei Ioan"]
[Black "Kovalev, Denis"]
[Result "1/2-1/2"]
[WhiteElo "2300"]
[BlackElo "2487"]
[PlyCount "51"]
[EventDate "2023.04.11"]
[EventType "swiss (blitz)"]
[EventRounds "11"]
[EventCountry "USA"]
[SourceTitle "CBM 213 Extra"]
[Source "ChessBase"]
[SourceDate "2023.05.31"]
[SourceVersion "1"]
[SourceVersionDate "2023.05.31"]
[SourceQuality "1"]

1. e4 c6 2. d4 d5 3. exd5 cxd5 4. c4 Nf6 5. Nc3 Nc6 6. Nf3 Bg4 7. cxd5 Nxd5 8. Qb3 Bxf3 9. gxf3 e6 10. Qxb7 Nxd4 11. Bb5+ Nxb5 12. Qc6+ Ke7 13. Qxb5 Qd7 14. Nxd5+ Qxd5 15. Bg5+ f6 16. Qxd5 exd5 17. Be3 Ke6 18. 0-0-0 Bb4 19. Bd2 Rac8+ 20. Kb1 Bxd2 21. Rxd2 Rhd8 22. Re1+ Kf7 23. Red1 Ke6 24. Re1+ Kf7 25. Red1 Ke6 26. Re1+ 1/2-1/2

[Event "Titled Tuesday intern op 11th Apr Early"]
[Site "Chess.com INT"]
[Date "2023.04.11"]
[Round "2"]
[White "Van Osch, Mees"]
[Black "Kovalev, Denis"]
[Result "0-1"]
[WhiteElo "2339"]
[BlackElo "2487"]
[PlyCount "82"]
[EventDate "2023.04.11"]
[EventType "swiss (blitz)"]
[EventRounds "11"]
[EventCountry "USA"]
[SourceTitle "CBM 213 Extra"]
[Source "ChessBase"]
[SourceDate "2023.05.31"]
[SourceVersion "1"]
[SourceVersionDate "2023.05.31"]
[SourceQuality "1"]

1. e4 c6 2. d4 d5 3. Nc3 dxe4 4. Nxe4 Bf5 5. Ng3 Bg6 6. Nh3 e6 7. Nf4 Bd6 8. h4 Qc7 9. Nxg6 hxg6 10. Ne4 Bf4 11. Bxf4 Qxf4 12. Ng5 Nf6 13. g3 Qd6 14. Bg2 Qb4+ 15. Qd2 Qxb2 16. 0-0 Qb6 17. a4 0-0 18. a5 Qc7 19. Rfe1 Nbd7 20. a6 b6 21. c4 Rad8 22. Qe3 Rfe8 23. Rad1 Nb8 24. Qa3 Re7 25. d5 Red7 26. Nxf7 Rxf7 27. dxe6 Re7 28. Rd3 Rxd3 29. Qxd3 Nxa6 30. Qxg6 Nc5 31. h5 Rxe6 32. Rxe6 Nxe6 33. h6 Qf7 34. Qf5 gxh6 35. Bxc6 Nd4 36. Qc8+ Qf8 37. Qb7 Nxc6 38. Qxc6 Qe7 39. Qc8+ Kg7 40. Kg2 a5 41. Qb8 Qe6 0-1

[Event "Titled Tuesday intern op 17th Jan Early"]
[Site "Chess.com INT"]
[Date "2023.01.17"]
[Round "9"]
[White "Mayank, Chakraborty"]
[Black "Kovalev, Denis"]
[Result "1/2-1/2"]
[WhiteElo "2063"]
[BlackElo "2487"]
[PlyCount "106"]
[EventDate "2023.01.17"]
[EventType "swiss (blitz)"]
[EventRounds "11"]
[EventCountry "USA"]
[SourceTitle "CBM 212 Extra"]
[Source "ChessBase"]
[SourceDate "2023.03.31"]
[SourceVersion "1"]
[SourceVersionDate "2023.03.31"]
[SourceQuality "1"]

1. e4 c6 2. d4 d5 3. exd5 cxd5 4. Bd3 Nc6 5. c3 Nf6 6. Bf4 Bg4 7. Qb3 Qd7 8. Nd2 e6 9. Ngf3 Bxf3 10. Nxf3 Bd6 11. Bxd6 Qxd6 12. Qxb7 Rb8 13. Qa6 0-0 14. 0-0 Rb6 15. Qa3 Qxa3 16. bxa3 Rc8 17. Rab1 Na5 18. Rxb6 axb6 19. Rc1 Kf8 20. Ne5 Ke7 21. Kf1 Nd7 22. Nxd7 Kxd7 23. Bb5+ Kd6 24. Ke2 Nc4 25. a4 Na3 26. Bd3 Ra8 27. h4 h6 28. Bc2 Nxc2 29. Rxc2 Rxa4 30. Kd3 Ra3 31. Rb2 Kc6 32. h5 b5 33. Kd2 f6 34. f4 b4 35. cxb4 Kb5 36. Rc2 Kxb4 37. Ke2 f5 38. Rc6 Rxa2+ 39. Kf3 Ra3+ 40. Kf2 Rd3 41. Rxe6 Rxd4 42. g3 Kc3 43. Re5 Rd2+ 44. Kf3 Rd3+ 45. Ke2 Rxg3 46. Rxd5 Rh3 47. Rxf5 Kd4 48. Re5 Rg3 49. Kf2 Ra3 50. Re7 Rh3 51. Re5 Ra3 52. Kg2 Rb3 53. Kf2 Ra3 1/2-1/2

[Event "Titled Tuesday intern op 01st Mar Early"]
[Site "Chess.com INT"]
[Date "2022.03.01"]
[Round "10"]
[White "Janaszak, Dawid"]
[Black "Kovalev, Denis"]
[Result "0-1"]
[WhiteElo "2333"]
[BlackElo "2487"]
[PlyCount "62"]
[EventDate "2022.03.01"]
[EventType "swiss (blitz)"]
[EventRounds "11"]
[EventCountry "USA"]
[SourceTitle "CBM 207 Extra"]
[Source "ChessBase"]
[SourceDate "2022.05.31"]
[SourceVersion "1"]
[SourceVersionDate "2022.05.31"]
[SourceQuality "1"]

1. e4 c6 2. d4 d5 3. exd5 cxd5 4. Bd3 Nc6 5. c3 Nf6 6. Bf4 Bg4 7. Qb3 Qd7 8. Nd2 e6 9. Ngf3 Bxf3 10. Nxf3 Bd6 11. Bxd6 Qxd6 12. 0-0 0-0 13. Rae1 Qc7 14. Qd1 Rab8 15. Re3 g6 16. a4 a6 17. Ng5 Qf4 18. Nh3 Qh4 19. Rf3 e5 20. dxe5 Nd7 21. Rf4 Qe7 22. Re1 Ndxe5 23. Bf1 Rbd8 24. Rd4 Rfe8 25. Re3 Qc5 26. Rh4 d4 27. cxd4 Nxd4 28. Qb1 Nf5 29. b4 Qd6 30. Rxe5 Rxe5 31. Ng5 Nxh4 0-1

[Event "Titled Tuesday intern op 01st Mar Early"]
[Site "Chess.com INT"]
[Date "2022.03.01"]
[Round "11"]
[White "Kovalev, Denis"]
[Black "Eynullayev, Atilla Elshan"]
[Result "1-0"]
[WhiteElo "2487"]
[BlackElo "2324"]
[PlyCount "61"]
[EventDate "2022.03.01"]
[EventType "swiss (blitz)"]
[EventRounds "11"]
[EventCountry "USA"]
[SourceTitle "CBM 207 Extra"]
[Source "ChessBase"]
[SourceDate "2022.05.31"]
[SourceVersion "1"]
[SourceVersionDate "2022.05.31"]
[SourceQuality "1"]

1. Nf3 Nf6 2. c4 e6 3. Nc3 d5 4. d4 Nbd7 5. Bf4 Bb4 6. Qb3 a5 7. e3 0-0 8. a3 dxc4 9. Bxc4 Bd6 10. Bxd6 cxd6 11. 0-0 Nb6 12. Bd3 d5 13. Ne5 Nfd7 14. f4 Nxe5 15. fxe5 Nd7 16. Rac1 f5 17. Nb5 Qb6 18. Rc3 Nb8 19. Nc7 Qxb3 20. Rxb3 Ra7 21. Rb6 Nc6 22. Bb5 Bd7 23. Bxc6 bxc6 24. Na6 Kf7 25. Nb8 Ke7 26. g3 Rc8 27. Rc1 c5 28. Rxc5 Rac7 29. Na6 Rxc5 30. Nxc5 g5 31. Rb7 1-0

[Event "Titled Tuesday intern op 01st Mar Early"]
[Site "Chess.com INT"]
[Date "2022.03.01"]
[Round "1"]
[White "Kovalev, Denis"]
[Black "Miszler, Levente"]
[Result "1-0"]
[WhiteElo "2487"]
[BlackElo "2194"]
[PlyCount "65"]
[EventDate "2022.03.01"]
[EventType "swiss (blitz)"]
[EventRounds "11"]
[EventCountry "USA"]
[SourceTitle "CBM 207 Extra"]
[Source "ChessBase"]
[SourceDate "2022.05.31"]
[SourceVersion "1"]
[SourceVersionDate "2022.05.31"]
[SourceQuality "1"]

1. Nf3 Nf6 2. c4 g6 3. g3 Bg7 4. Bg2 0-0 5. 0-0 d6 6. Nc3 Nc6 7. Rb1 a5 8. a3 e5 9. b4 axb4 10. axb4 Re8 11. b5 Nd4 12. d3 Bg4 13. Bg5 h6 14. Bxf6 Bxf6 15. Nd5 Bg7 16. b6 cxb6 17. Rxb6 Ra2 18. e3 Bxf3 19. Bxf3 Rd2 20. exd4 Rxd1 21. Rxd1 exd4 22. Rxb7 Qa5 23. Kg2 Qa2 24. h4 g5 25. hxg5 hxg5 26. Bh5 Re2 27. Bxf7+ Kf8 28. Rf1 Be5 29. Bh5 Rd2 30. Bg6 g4 31. Rf7+ Kg8 32. Ne7+ Kh8 33. Rh7# 1-0

[Event "Titled Tuesday intern op 21st Dec"]
[Site "Chess.com INT"]
[Date "2021.12.21"]
[Round "1"]
[White "Kovalev, Denis"]
[Black "Qashashvili, Alexandre"]
[Result "1-0"]
[WhiteElo "2487"]
[BlackElo "2505"]
[PlyCount "37"]
[EventDate "2021.12.21"]
[EventType "swiss (blitz)"]
[EventRounds "11"]
[EventCountry "USA"]
[SourceTitle "CBM 205 Extra"]
[Source "ChessBase"]
[SourceDate "2022.01.31"]
[SourceVersion "1"]
[SourceVersionDate "2022.01.31"]
[SourceQuality "1"]

1. Nf3 c6 2. c4 d5 3. cxd5 cxd5 4. d4 Nc6 5. Bf4 Nf6 6. Nc3 Bf5 7. e3 e6 8. Ne5 Nxe5 9. Bxe5 Nd7 10. Qb3 Qb6 11. Bb5 0-0-0 12. Rc1 Nxe5 13. Na4+ Qc7 14. Rxc7+ Kxc7 15. dxe5 Rc8 16. 0-0 Kb8 17. Bd3 Bxd3 18. Qxd3 Bc5 19. f4 1-0

[Event "Titled Tuesday intern op 21st Dec"]
[Site "Chess.com INT"]
[Date "2021.12.21"]
[Round "5"]
[White "Rustemov, Alexander"]
[Black "Kovalev, Denis"]
[Result "1/2-1/2"]
[WhiteElo "2525"]
[BlackElo "2487"]
[PlyCount "142"]
[EventDate "2021.12.21"]
[EventType "swiss (blitz)"]
[EventRounds "11"]
[EventCountry "USA"]
[SourceTitle "CBM 205 Extra"]
[Source "ChessBase"]
[SourceDate "2022.01.31"]
[SourceVersion "1"]
[SourceVersionDate "2022.01.31"]
[SourceQuality "1"]

1. d4 d5 2. c4 c6 3. Nc3 Nf6 4. e3 Bg4 5. f3 Be6 6. Qb3 Qb6 7. c5 Qc7 8. Bd3 b6 9. cxb6 axb6 10. Nge2 g6 11. 0-0 Bg7 12. Bd2 0-0 13. Rfc1 c5 14. Nb5 Qc8 15. Qd1 c4 16. Bc2 Bd7 17. Nec3 Nc6 18. b3 Nb4 19. a4 Nxc2 20. Qxc2 cxb3 21. Qxb3 Qb8 22. Nxd5 Nxd5 23. Qxd5 Rd8 24. Qb3 e5 25. d5 e4 26. Rab1 exf3 27. gxf3 Qe5 28. Be1 Bxb5 29. axb5 Rxd5 30. Bg3 Qh5 31. Rd1 Rxd1+ 32. Qxd1 Be5 33. f4 Qxd1+ 34. Rxd1 Bc3 35. Rd6 Rb8 36. e4 Bb4 37. Rc6 Bc5+ 38. Bf2 Bxf2+ 39. Kxf2 Kf8 40. e5 Ke7 41. Ke3 Ra8 42. Rxb6 Ra3+ 43. Kd4 Ra4+ 44. Kd5 Rxf4 45. Rb7+ Kd8 46. b6 Kc8 47. Re7 Kb8 48. Kc6 Rc4+ 49. Kb5 Rf4 50. h3 h5 51. Kc5 g5 52. Kc6 Rc4+ 53. Kd6 Rf4 54. Kc6 Rc4+ 55. Kb5 Rf4 56. e6 fxe6 57. Rxe6 g4 58. hxg4 hxg4 59. Re8+ Kb7 60. Re7+ Kb8 61. Rg7 Re4 62. Rg8+ Kb7 63. Rg7+ Kb8 64. Kc5 Rf4 65. Kc6 Rc4+ 66. Kb5 Rf4 67. Ka5 Re4 68. Ka6 Ra4+ 69. Kb5 Rf4 70. Rg8+ Kb7 71. Rg7+ Kb8 1/2-1/2

[Event "Titled Tuesday intern op 21st Dec"]
[Site "Chess.com INT"]
[Date "2021.12.21"]
[Round "2"]
[White "Sramek, Vojtech"]
[Black "Kovalev, Denis"]
[Result "0-1"]
[WhiteElo "2230"]
[BlackElo "2487"]
[PlyCount "24"]
[EventDate "2021.12.21"]
[EventType "swiss (blitz)"]
[EventRounds "11"]
[EventCountry "USA"]
[SourceTitle "CBM 205 Extra"]
[Source "ChessBase"]
[SourceDate "2022.01.31"]
[SourceVersion "1"]
[SourceVersionDate "2022.01.31"]
[SourceQuality "1"]

1. e4 c6 2. d4 d5 3. e5 c5 4. dxc5 Nc6 5. a3 Nxe5 6. Be3 Nf6 7. Nc3 Nc6 8. Nf3 e5 9. Bg5 d4 10. Ne4 Be7 11. Bxf6 gxf6 12. Bb5 Qa5+ 0-1

[Event "Titled Tuesday intern op 14th Dec"]
[Site "Chess.com INT"]
[Date "2021.12.14"]
[Round "5"]
[White "Djordjevic, Vuk D"]
[Black "Kovalev, Denis"]
[Result "1-0"]
[WhiteElo "2382"]
[BlackElo "2487"]
[PlyCount "71"]
[EventDate "2021.12.14"]
[EventType "swiss (blitz)"]
[EventRounds "11"]
[EventCountry "USA"]
[SourceTitle "EXT 2023"]
[Source "ChessBase"]
[SourceDate "2022.10.05"]
[SourceVersion "1"]
[SourceVersionDate "2022.10.05"]
[SourceQuality "1"]

1. d4 d5 2. Bf4 Nf6 3. e3 c5 4. c3 Nc6 5. Nd2 cxd4 6. exd4 Bf5 7. Ngf3 e6 8. Qa4 Bd6 9. Bg5 0-0 10. Be2 a6 11. Nh4 b5 12. Qd1 Bg6 13. Nxg6 hxg6 14. a3 Qc7 15. h4 Rfe8 16. h5 e5 17. hxg6 exd4 18. Bxf6 d3 19. Nf3 Rxe2+ 20. Kf1 Re6 21. gxf7+ Qxf7 22. Bxg7 Qxg7 23. Qxd3 d4 24. Qf5 Rae8 25. Rh5 Rf6 26. Qd5+ Qf7 27. Rg5+ Kf8 28. Qxc6 Bf4 29. Qc5+ Qe7 30. Qxe7+ Rxe7 31. Rd5 dxc3 32. bxc3 Rc7 33. Rd3 Rfc6 34. g3 Bh6 35. Rad1 Rxc3 36. Ne5 1-0

[Event "Titled Tuesday intern op 14th Dec"]
[Site "Chess.com INT"]
[Date "2021.12.14"]
[Round "8"]
[White "Kovalev, Denis"]
[Black "Tomiello, Mateus Costamilan"]
[Result "1-0"]
[WhiteElo "2487"]
[BlackElo "2004"]
[PlyCount "77"]
[EventDate "2021.12.14"]
[EventType "swiss (blitz)"]
[EventRounds "11"]
[EventCountry "USA"]
[SourceTitle "EXT 2023"]
[Source "ChessBase"]
[SourceDate "2022.10.05"]
[SourceVersion "1"]
[SourceVersionDate "2022.10.05"]
[SourceQuality "1"]

1. Nf3 Nf6 2. c4 g6 3. b4 Bg7 4. Bb2 0-0 5. g3 a5 6. a3 axb4 7. axb4 Rxa1 8. Bxa1 b6 9. Bg2 Bb7 10. 0-0 Na6 11. Qb3 d5 12. d3 c5 13. bxc5 Nxc5 14. Qc2 dxc4 15. Qxc4 Qa8 16. Nbd2 Rc8 17. Qb5 Qa5 18. Qb1 Nd5 19. Bxg7 Kxg7 20. Nc4 Qa6 21. Qb2+ f6 22. Ra1 Na4 23. Qa3 b5 24. e4 Nc5 25. exd5 bxc4 26. Qc3 Qb6 27. dxc4 Ne4 28. Qd4 Qxd4 29. Nxd4 Nd6 30. Nc6 Bxc6 31. dxc6 Nxc4 32. Ra7 Kf8 33. Bd5 Ne5 34. c7 Ke8 35. Be6 Nd7 36. Rb7 Ra8 37. Kg2 Nc5 38. Rb8+ Rxb8 39. cxb8Q# 1-0

[Event "Titled Tuesday intern op 14th Dec"]
[Site "Chess.com INT"]
[Date "2021.12.14"]
[Round "9"]
[White "Terry, Renato"]
[Black "Kovalev, Denis"]
[Result "1-0"]
[WhiteElo "2504"]
[BlackElo "2487"]
[PlyCount "115"]
[EventDate "2021.12.14"]
[EventType "swiss (blitz)"]
[EventRounds "11"]
[EventCountry "USA"]
[SourceTitle "EXT 2023"]
[Source "ChessBase"]
[SourceDate "2022.10.05"]
[SourceVersion "1"]
[SourceVersionDate "2022.10.05"]
[SourceQuality "1"]

1. e4 c6 2. Nf3 d5 3. exd5 cxd5 4. Ne5 Nc6 5. d4 Nf6 6. c3 e6 7. Bd3 Bd6 8. Qe2 0-0 9. 0-0 Nd7 10. f4 g6 11. Nd2 Re8 12. Ndf3 f6 13. Ng4 f5 14. Nge5 Nf6 15. Be3 Bd7 16. Kh1 Rc8 17. Rg1 Re7 18. g4 Bxe5 19. fxe5 Nxg4 20. Bg5 Qf8 21. h3 Nh6 22. Qd2 Nf7 23. Bf6 Qh6 24. Qxh6 Nxh6 25. Bxe7 Nxe7 26. Rac1 b5 27. Kg2 Nf7 28. Kf2 Kf8 29. Ke3 Kg7 30. h4 a5 31. Kd2 h6 32. b3 Bc6 33. Ke3 Ra8 34. Rc2 a4 35. Rcg2 Be8 36. Rb1 Bc6 37. bxa4 bxa4 38. a3 Rc8 39. Rb6 Rc7 40. Kd2 Nc8 41. Rb8 Ne7 42. Rg1 Bd7 43. Rb4 Bc6 44. Bc2 Ra7 45. Ke3 Rc7 46. Kd2 Ra7 47. Bd1 Ra8 48. Be2 Ra7 49. Ke3 Rc7 50. Kf4 Be8 51. c4 dxc4 52. Bxc4 Rxc4 53. Rxc4 Nd5+ 54. Kg3 g5 55. hxg5 hxg5 56. Nxg5 Nxg5 57. Kh4 Kh6 58. Rxg5 1-0

[Event "Budapest FS11 GM"]
[Site "Budapest"]
[Date "2021.11.12"]
[Round "7"]
[White "Kovalev, Denis"]
[Black "Pasti, Aron"]
[Result "1/2-1/2"]
[WhiteElo "2501"]
[BlackElo "2335"]
[PlyCount "63"]
[EventDate "2021.11.06"]
[EventType "tourn"]
[EventRounds "11"]
[EventCountry "HUN"]
[EventCategory "6"]
[SourceTitle "CBM 205 Extra"]
[Source "ChessBase"]
[SourceDate "2022.01.31"]
[SourceVersion "1"]
[SourceVersionDate "2022.01.31"]
[SourceQuality "1"]

1. e4 e5 2. Nf3 Nc6 3. Bb5 a6 4. Ba4 Nf6 5. 0-0 Be7 6. Re1 b5 7. Bb3 d6 8. c3 0-0 9. h3 Na5 10. Bc2 c5 11. d4 Qc7 12. d5 Nd7 13. Nbd2 c4 14. Nf1 Nb7 15. Ng3 Ndc5 16. b4 cxb3 17. axb3 Bd7 18. Bd2 a5 19. Nf5 Bf6 20. Nh2 Qd8 21. Ng4 Bg5 22. Bxg5 Qxg5 23. Re3 Nxe4 24. Nxg7 Qxg7 25. Bxe4 f5 26. Nh2 f4 27. Re1 Bxh3 28. Qh5 Bd7 29. b4 a4 30. Nf3 Rf6 31. Qg5 Nd8 32. Bd3 1/2-1/2

[Event "Titled Tuesday intern op 24th Aug"]
[Site "Chess.com INT"]
[Date "2021.08.24"]
[Round "1"]
[White "Kovalev, Denis"]
[Black "Golizadeh, Asghar"]
[Result "1-0"]
[WhiteElo "2487"]
[BlackElo "2455"]
[PlyCount "83"]
[EventDate "2021.08.24"]
[EventType "swiss (blitz)"]
[EventRounds "11"]
[EventCountry "USA"]
[SourceTitle "EXT 2022"]
[Source "ChessBase"]
[SourceDate "2021.10.06"]
[SourceVersion "1"]
[SourceVersionDate "2021.10.06"]
[SourceQuality "1"]

1. Nf3 Nf6 2. c4 e6 3. g3 d5 4. Bg2 dxc4 5. Qa4+ Bd7 6. Qxc4 c5 7. Ne5 Qc8 8. 0-0 Nc6 9. Nxd7 Qxd7 10. b3 Be7 11. Bb2 0-0 12. Rd1 Rfd8 13. Nc3 Rac8 14. Rac1 Nd4 15. e3 Nf5 16. Ne4 Nxe4 17. Qxe4 b5 18. Qc2 Bf8 19. Be4 h6 20. a4 Nd6 21. axb5 Nxe4 22. Qxe4 Qxb5 23. Qa4 Qb7 24. Ra1 Rb8 25. Be5 Rbc8 26. Qxa7 Qxb3 27. Bc3 Qd5 28. Qa6 Qh5 29. Qf1 Rd5 30. Rdb1 Qf5 31. Rb7 Qg6 32. Raa7 Rf5 33. Qe2 Rd8 34. e4 Rg5 35. Rxf7 Qxf7 36. Rxf7 Kxf7 37. f4 Rg6 38. Qh5 c4 39. f5 Bc5+ 40. Kg2 exf5 41. exf5 Rdd6 42. fxg6+ 1-0